MARC

LEADER 00000nam0a2200000 4500
001 99910
005 20231101214301.0
035 |a (RuTPU)RU\TPU\book\107449 
090 |a 99910 
100 |a 20060731d1975 km y0rusy50 ca 
101 0 |a rus 
102 |a LV 
105 |a a z 001zy 
200 1 |a Окраска по ржавчине  |e сборник статей  |f Институт неорганической химии АН Латвийской ССР; под ред. О. К. Кукура 
210 |a Рига  |c Зинатне  |d 1975 
215 |a 120 с.  |c ил. 
320 |a Библиография в конце статей 
606 1 |a Металлы  |x Защитные покрытия  |2 stltpush  |3 (RuTPU)RU\TPU\subj\66537  |9 82623 
610 1 |a неорганическая химия 
610 1 |a ржавчина 
610 1 |a окрашивание 
610 1 |a грунтовки 
610 1 |a сборники 
610 1 |a коррозия 
610 1 |a строительные металлоконструкции 
610 1 |a лакокрасочные покрытия 
675 |a 669:620.197  |v 3 
702 1 |a Кукур  |b О. К.  |4 340 
712 0 2 |a Академия наук Латвийской ССР (АН ЛатССР)  |b Институт неорганической химии (ИНХ)  |2 stltpush  |3 (RuTPU)RU\TPU\col\8028 
801 1 |a RU  |b 63413507  |c 20060731  |g PSBO 
801 2 |a RU  |b 63413507  |c 20181112  |g PSBO 
942 |c BK